| 000 | 00771nam a2200229 a 4500 | ||
|---|---|---|---|
| 005 | 20231007063619.0 | ||
| 008 | 991125s1994 mx 000 0 spa u | ||
| 020 | _a9682991366 | ||
| 035 | _aUPN01000127697 | ||
| 049 | _aCG | ||
| 050 | 4 |
_aLB1578.327 Z6.1 _bR3.6 1996 |
|
| 100 | 1 | _aRamírez Cruz, Aniceto | |
| 245 | 1 | 0 |
_aOde tsame : _blengua zoque de Ocotopec Chiapas : primer ciclo / _cAniceto Ramírez Cruz. |
| 250 | _a2a ed. | ||
| 260 |
_aMéxico : _bSEP, Comisión Nacional de los Libros de Texto Gratuitos, _cc1994. |
||
| 300 |
_a2 v. : _bil. col. |
||
| 500 | _aLa biblioteca tiene el v.2 | ||
| 650 | 4 |
_aCartilla zoque _98482 |
|
| 650 | 4 |
_aIndígenas de México _zChiapas _xLenguas _926832 |
|
| 650 | 4 |
_aZOQUE - _xESTUDIO Y ENSEÑANZA (ELEMENTAL) |
|
| 905 | _aLibro | ||
| 999 |
_c99876 _d99876 |
||